000
00250nam a2200109 a 4500
005
20200930070813.0
008
110926s2008 000 spa d
020
_a
9945861730
245
0
_a
Disscorsi del io sono.
260
_c
2008.
999
_c
33624
_d
33624
040
_a
DO-SdBNP